=LDR 00000nam 2200000 4500 =001 INLIS000000000039631 =005 20130612145240 =008 ***********************************ind** =035 ##$$0010-061300000039631 =041 ##$$a ind =082 ##$$a 635.21 =090 ##$$a 635.21, Set b =100 ##$$a Setiadi =245 ##$$a Budi Daya Kentang, Setiadi =260 ##$$a 2009 $b Jakarta =300 ##$$a 156 hlm, ilus, 23 cm =850 ##$$a NBPNMAT